Culture Générale - Série 737 - Statistiques

Statistiques générales
  • Ce quiz a été pris 433 fois
  • Le résultat moyen est 6 sur 10
Statistiques - réponses
Question Réponse % Correct
Quel marsupial arboricole, aussi appelé "paresseux australien", se nourrit principalement de feuilles d'eucalyptus ? koala
92%
Quel département français porte un nom qui désigne également les premières lueurs du jour ? Aube
90%
Complétez le titre du film réalisé en 1975 par Milos Forman, "Vol au dessus d'un ... nid de coucou
87%
Dans quel pays se trouve la région de Thessalie ? Grèce
76%
Quel mot anglais dérivé de "broadcast", désigne une émission de radio, qu'un internaute peut télécharger et transférer sur un baladeur numérique ? podcast
74%
Quelle émission télévisée de rencontres réunissait Evelyne Leclerc, Fabienne Egal, Simone Garnier et Charly Oleg ? Tournez Manège
55%
Dans l'Antiquité, commment appelait-on l'athlète qui lançait le disque ? discobole
50%
Par quel mot-valise les Britanniques désignent-ils conjointement les universités d'Oxford et de Cambridge ? Oxbridge
44%
Complétez le titre du roman de Marguerite Duras, "Un barrage contre le ... Pacifique
28%
Sur quelle île peut-on découvrir les cirques de Mafate, de Salazie ou de Cilaos ? Réunion
26%
Aucun quiz correspondant
Distribution des résultats
% des personnes avec chaque résultat
Percentile par nombre de réponses
Votre historique - résultats
Vous n’avez pas pris ce quiz